000 01480cam a22004214a 4500
001 muse85174
003 MdBmJHUP
005 20210127151528.0
006 m o d
007 cr||||||||nn|n
008 110623s2011 mx o 00 0 spa d
010 _z 2011419197
020 _a9786075640815
020 _z9786074622386
035 _a(OCoLC)1109725332
040 _aMdBmJHUP
_cMdBmJHUP
043 _an-mx---
050 0 4 _aJZ1238.M6
_bO27 2011
100 1 _aOchoa Bilbao, Luis.
245 1 3 _aLa carrera de relaciones internacionales en México
_borígenes y situación actual /
_cLuis Ochoa Bilbao.
250 _a1. ed.
264 1 _bBenemerita Universidad Autónoma de Puebla,
264 3 _bProject MUSE,
300 _a1 online resource (144 p.)
490 0 _aJornadas ;
_v157
504 _aIncludes bibliographical references (p. 139-144).
506 0 _aOpen Access
_fUnrestricted online access
_2star
588 _aDescription based on print version record.
650 0 _aInternational relations
_xStudy and teaching (Higher)
_zMexico
_xHistory.
655 7 _aElectronic books.
_2local
710 2 _aProject Muse.
_edistributor
830 0 _aBook collections on Project MUSE.
856 4 0 _zFull text available:
_uhttps://muse.jhu.edu/book/74228/
999 _c26085
_d26085